[Event "KEN-ch"]
[Site "Nairobi"]
[Date "2022.12.28"]
[Round "5"]
[White "Dominic, Carlos Kiema"]
[Black "Nyaga, James Kabui"]
[Result "1-0"]
[WhiteElo "1458"]
[BlackElo "1917"]
[PlyCount "169"]
[EventDate "2022.12.26"]
[EventType "swiss"]
[EventRounds "9"]
[EventCountry "KEN"]
[SourceTitle "EXT 2024"]
[Source "ChessBase"]
[SourceDate "2023.10.10"]
[SourceVersion "1"]
[SourceVersionDate "2023.10.10"]
[SourceQuality "1"]

1. e4 c5 2. Nf3 d6 3. d4 cxd4 4. Bb5+ Bd7 5. Bxd7+ Qxd7 6. Nxd4 Nf6 7. Qd3 a6 8. c4 Nc6 9. 0-0 Rc8 10. b3 g6 11. Bb2 Bg7 12. Nxc6 Qxc6 13. Nd2 0-0 14. f4 Rfd8 15. Rae1 d5 16. exd5 Nxd5 17. Bxg7 Nf6 18. Qc3 Kxg7 19. Rxe7 Qc5+ 20. Re3 Rxd2 21. Qxd2 Ng4 22. Rff3 Nxe3 23. Qxe3 Qxe3+ 24. Rxe3 Kf6 25. Kf2 Rd8 26. Ke2 h5 27. h3 h4 28. Rd3 Re8+ 29. Kf3 Re6 30. Rd7 b6 31. a4 a5 32. Kg4 Kg7 33. Rd3 Re2 34. Rd6 Rxg2+ 35. Kxh4 f6 36. Rxb6 g5+ 37. fxg5 fxg5+ 38. Kh5 Rg3 39. c5 Kf7 40. c6 Ke7 41. h4 gxh4 42. Kxh4 Rc3 43. Kg4 Kd6 44. Kf4 Kc7 45. Rb5 Kxc6 46. Ke4 Rh3 47. Kd4 Rh4+ 48. Kc3 Rh3+ 49. Kb2 Rh2+ 50. Ka3 Rh3 51. Rxa5 Kb6 52. Rg5 Rf3 53. a5+ Ka6 54. Ka4 Rf8 55. Rg6+ Ka7 56. a6 Rh8 57. b4 Rf8 58. Ka5 Rh8 59. Rg7+ Ka8 60. Rc7 Rg8 61. Kb6 Rh8 62. b5 Rg8 63. Ra7+ Kb8 64. Rd7 Rh8 65. Kc6 Rc8+ 66. Kb6 Rh8 67. Rd6 Ka8 68. Kc7 Ka7 69. Rd7 Rb8 70. Kc6+ Ka8 71. Rc7 Rh8 72. Rd7 Rb8 73. b6 Rc8+ 74. Kd6 Rh8 75. Kc7 Rc8+ 76. Kd6 Rh8 77. Re7 Rd8+ 78. Kc6 Kb8 79. Rf7 Ka8 80. Kc7 Rc8+ 81. Kd7 Rb8 82. b7+ Ka7 83. Kc7 Rh8 84. Rd7 Rc8+ 85. bxc8N+ 1-0

[Event "KEN-chT"]
[Site "Nairobi"]
[Date "2019.04.13"]
[Round "9.3"]
[White "Lutomia, Eric"]
[Black "Dominic, Carlos Kiema"]
[Result "1-0"]
[WhiteElo "1536"]
[BlackElo "1323"]
[PlyCount "85"]
[EventDate "2019.02.09"]
[EventType "team-tourn"]
[EventRounds "27"]
[EventCountry "KEN"]
[SourceTitle "CBM 192 Extra"]
[Source "Chessbase"]
[SourceDate "2019.11.06"]
[SourceVersion "1"]
[SourceVersionDate "2019.11.06"]
[SourceQuality "1"]
[WhiteTeam "Black Knights"]
[BlackTeam "Eastlands"]
[WhiteTeamCountry "KEN"]
[BlackTeamCountry "KEN"]

1. d4 d5 2. c4 e6 3. Nc3 Nf6 4. Bg5 Be7 5. Nf3 h6 6. Bh4 Nc6 7. e3 g5 8. Bg3 Nh5 9. Be5 f6 10. Bg3 Nxg3 11. hxg3 dxc4 12. Bxc4 Qd6 13. Nd2 Nd8 14. a3 Bd7 15. Be2 Nf7 16. Bh5 Bf8 17. Qb3 Bc6 18. f3 Qxg3+ 19. Kf1 Qd6 20. Nc4 Qd7 21. Ne4 Be7 22. Nc3 Bf8 23. Ne4 Be7 24. Kf2 Bxe4 25. fxe4 Qc6 26. Bf3 e5 27. Rac1 0-0-0 28. Nxe5 Qxc1 29. Rxc1 Nxe5 30. dxe5 fxe5 31. Qe6+ Rd7 32. Rd1 Rhd8 33. Bg4 Bd6 34. Rxd6 cxd6 35. Qxd6 h5 36. Bf5 a6 37. a4 g4 38. Kg3 h4+ 39. Kxh4 Rh8+ 40. Kg3 Rhh7 41. Bxd7+ Rxd7 42. Qxe5 Rd2 43. Qc3+ 1-0